000 00354nam a22001217a 4500
008 160427b xxu||||| |||| 00| 0 eng d
020 _a9780132401494
020 _a0132401495
041 _aeng
080 _a618.2
245 _aMaternal Wewborn nursing Womens health across the lifespan:
_cMarcia L. London; Patricia A. Wieland Ladewig;
942 _2udc
_cBK
999 _c1625
_d1625